Größte Städte Süddeutschlands - Statistiken

Allgemein
  • Dieses Quiz wurde 326 mal gespielt
    233 seit der letzten Aktualisierung
  • Das Durchschnittsergebnis liegt bei 13 aus 16
Antwortstatistiken
1 2 A % Korrekt
1,4 M Bayern München
100%
620 K Baden-Württemberg Stuttgart
97%
732 K Hessen Frankfurt am Main
95%
506 K Bayern Nürnberg
94%
312 K Baden-Württemberg Karlsruhe
87%
183 K Saarland Saarbrücken
85%
296 K Bayern Augsburg
84%
309 K Baden-Württemberg Mannheim
84%
218 K Rheinland-Pfalz Mainz
82%
232 K Baden-Württemberg Freiburg im Breisgau
81%
278 K Hessen Wiesbaden
81%
140 K Bayern Regensburg
63%
160 K Hessen Darmstadt
62%
129 K Bayern Ingolstadt
61%
158 K Baden-Württemberg Heidelberg
55%
163 K Rheinland-Pfalz Ludwigshafen am Rhein
54%
Keine übereinstimmenden Quizze gefunden
Verteilung der Resultate
Anzahl Personen mit jedem Resultat
Perzentil nach korrekt beantworteten Fragen
Ihre Resultats-Entwicklung
Sie haben dieses Quiz seit der letzten Aktualisierung nicht gespielt